000 01948cam a2200493 4500
003 PE-LiUPU
005 20250731173409.0
008 2007 cau b
020 _a0829748504
035 _a(Sirsi) i9780829748505
035 _a(Sirsi) 46177
035 _a(Sirsi) 46177
041 _aes
044 _aus
049 _aPRUA
082 0 4 _a254.5
_bB23
100 1 _aBarna, George,
_eautor.
245 _aHaga crecer su iglesia de afuera hacia adentr :
_bentendiendo a los incrédulos y cómo alcanzarlos /
_cGeorge Barna.
264 1 _aMiami, Florida :
_bEditorial VIDA,
_c2007.
300 _a174 páginas ;
_c21 centímetros
504 _aIncluye bibliografía
505 0 _aLa multitud espera -- Veamos a los que no asisten a ninguna iglesia -- Por qué las personas evitan la iglesia -- Un perfil demográfico de los que no van a la iglesia -- Valores, actitudes y estilos de vida -- La fe de los que no van a la iglesia.
526 _aSEG42
526 _aSEG41
526 _aSEG40
526 _aSEG39
526 _aP94
526 _aP87
526 _aP86
526 _aP85
526 _aP77
526 _aP76
526 _aP35
650 1 4 _aCrecimiento de iglesia
700 1 _aCabrera Leiva, Guillermo
_etr.
942 _2ddc
_cBOOK
949 _a254.5 B23
_i65703
_lCCODEBUL1
_mBUL
_tLIBRO
_o.STAFF. Colección Teología
859 _q65703
_h254.5
_iB23
910 _agl
_bjv
_cng
_d20110929
596 _a1
999 _a254.5 B23
_wDEWEY
_c52627
_i63731
_d52627
_e2016-9-7
_f2021-11-10
_g5
_lCCODEBUL1
_mBUL
_n2
_p14.00
_r0
_sY
_tBOOK
_u2015-7-6
_xTEOLOGIA
_PP35
_0COMPRA
_o.STAFF. Colección Teología
999 _a254.5 B23
_wDEWEY
_c2
_i65703
_d2022-6-14
_f2021-11-10
_g5
_lCCODEBUL1
_mBUL
_p31.00
_q1
_r0
_sY
_tBOOK
_u2015-7-6
_xTEOLOGIA
_PP35
_0COMPRA
_o.STAFF. Colección General
980 _81
_gALBERTO SANCHEZ Responsable de Automatización